| 000 | 00511nam a22001577a 4500 | ||
|---|---|---|---|
| 003 | OSt | ||
| 005 | 20150910154152.0 | ||
| 008 | 150910b xxu||||| |||| 00| 0 eng d | ||
| 040 | _cRUA | ||
| 082 | _aAGR សាន 1995 B013 OR.1 | ||
| 100 |
_9259 _aសាន សុគន្ធា |
||
| 245 | _aការប្រើប្រាស់ជីគីមីលើដំណាំស្រូវនៅរដូវវស្សា | ||
| 260 |
_aPhnom Penh _bRUA _c1995 |
||
| 300 |
_a111p. _bill. _c29cm. |
||
| 942 |
_2ddc _cAGR |
||
| 999 |
_c239 _d239 |
||